Top 10 Most Populous U.S. Cities Starting With S - Statistics

General Stats
  • This quiz has been taken 64 times
  • The average score is 8 of 10
Answer Stats
State Answer Population % Correct
Texas San Antonio 1.51 M
100%
California San Francisco 802 k
96%
Washington Seattle 784 k
96%
California San Diego 1.39 M
95%
California San Jose 950 k
89%
California Sacramento 532 k
86%
Missouri Saint Louis 272 k
86%
Minnesota Saint Paul 295 k
84%
California Santa Ana 307 k
65%
California Stockton 320 k
51%
No matching quizzes found
Score Distribution
Percent of People with Each Score
Percentile by Number Answered
Your Score History
You have not taken this quiz